000 01206nam a2200181 i 4500
001 35940
003 ES-MaACL
005 20230906155242.0
007 t|
008 030214s1929 fr ||||1| fre d
100 1 _aBremond, Henri.
_931573
245 1 0 _aHistoire littéraire du sentiment réligiéux en France depuis la fin des guerres de réligion jusqu'a nos jours /
_cpar Henri Bremond.
260 _aParis :
_bBloud et Gay,
_c1929 (
_fImp. Ch., Hérissey)
300 _a11 v.. ;
_c24 cm.
505 8 _aContiene: T. I: L'humanisme devol : (1580-1660). -- T. II: L'invasion mystique : (1590-1620). -- T: III: La couquete mystique : L'ecole français. -- T. IV: La couquete mystique : l'ecole de Port Royal. -- T. V: La couquete mystique : l'ecole du Pere Lallemant et la tradition mystyque dans la Compagnie de Jésus. -- T. VI: La couquete mystique : la couquete mystique mané de l'incarnation. Jurba Magna. -- T. VII-VIII: La metaphysique des Saints. -- T. IX: La vie chretieme sous l'ancien régime. -- T. X: La priere et les prieres de l'ancien régime. -- T. XI: Le procés des mystiques
650 4 _aLiteratura religiosa francesa-
_xHistoria y crítica.
_9164231
852 _aES-MaACL
_jA-1476-86
999 _c35940
_d35940